Andamios entre construcciones (Registro nro. 101231)

Detalles MARC
000 -LEADER
campo de control de longitud fija 01807nam a2200493 i 4500
001 - NÚMERO DE CONTROL
campo de control MOR01000101558
003 - IDENTIFICADOR DE NÚMERO DE CONTROL
campo de control $$amxcmmo
005 - FECHA Y HORA DE LA ÚLTIMA TRANSACCIÓN
campo de control 20260331230548.0
008 - DATOS DE LONGITUD FIJA--INFORMACIÓN GENERAL
campo de control de longitud fija 151103s2013 cmmo g b z000 0 spa d
020 ## - NÚMERO INTERNACIONAL ESTÁNDAR DEL LIBRO
Número Internacional Estándar del Libro 9709703587 [colección]
035 ## - NÚMERO DE CONTROL DEL SISTEMA
Número de control de sistema 160180
040 ## - FUENTE DE CATALOGACIÓN
Centro catalogador/agencia de origen mxcmmo
Lengua de catalogación spa
Centro/agencia transcriptor mxcmmo
Normas de descripción rda
041 0# - CÓDIGO DE IDIOMA
Código de lengua del texto/banda sonora o título independiente spa
043 ## - CÓDIGO DE ÁREA GEOGRÁFICA
Código de área geográfica n-mx---
045 ## - PERIODO DE TIEMPO DEL CONTENIDO
Código de periodo de tiempo w8x4
082 04 - NÚMERO DE LA CLASIFICACIÓN DECIMAL DEWEY
Número de clasificación 701.1
Número de ítem ABR.e
Información de edición GOM
100 1# - ENTRADA PRINCIPAL--NOMBRE DE PERSONA
Nombre de persona Gómez del Campo, Carmen
Término indicativo de función/relación autor
9 (RLIN) 179710
245 10 - MENCIÓN DEL TÍTULO
Título Andamios entre construcciones
Resto del título : esbozo del entramado psicoanálisis/arquitectura/
Mención de responsabilidad, etc. Carmen Gómez del Campo
250 ## - MENCION DE EDICION
Mención de edición Primera edición
264 #1 - PRODUCCIÓN, PUBLICACIÓN, DISTRIBUCIÓN, FABRICACIÓN Y COPYRIGHT
Producción, publicación, distribución, fabricación y copyright México:
Nombre del de productor, editor, distribuidor, fabricante Instituto Nacional de Bellas Artes y Literatura,
Fecha de producción, publicación, distribución, fabricación o copyright 2013
300 ## - DESCRIPCIÓN FÍSICA
Extensión 15 páginas:
Otras características físicas fotografías;
Dimensiones 21 cm
336 ## - TIPO DE CONTENIDO
Término de tipo de contenido texto
Código de tipo de contenido txt
Fuente rdacontent
337 ## - TIPO DE MEDIO
Nombre/término del tipo de medio sin medio
Código del tipo de medio n
Fuente rdamedia
338 ## - TIPO DE SOPORTE
Nombre/término del tipo de soporte volumen
Código del tipo de soporte nc
Fuente rdacarrier
490 0# - MENCIÓN DE SERIE
Mención de serie Abrevian Ensayos. Quinta serie
504 ## - NOTA DE BIBLIOGRAFÍA, ETC.
Nota de bibliografía, etc. Nota Incluye referencias bibliográficas
600 17 - PUNTO DE ACCESO ADICIONAL DE MATERIA--NOMBRE DE PERSONA
Nombre de persona Freud, Sigmund
Fechas asociadas al nombre 1856-1939
Subdivisión general Crítica e interpretación
9 (RLIN) 13814
650 #7 - PUNTO DE ACCESO ADICIONAL DE MATERIA--TÉRMINO DE MATERIA
Término de materia o nombre geográfico como elemento de entrada Escultura
Subdivisión general Aspectos psicológicos
9 (RLIN) 179711
650 #7 - PUNTO DE ACCESO ADICIONAL DE MATERIA--TÉRMINO DE MATERIA
Término de materia o nombre geográfico como elemento de entrada Psicoanálisis
Subdivisión general Aspectos artísticos
9 (RLIN) 179712
710 1# - ENTRADA AGREGADA--NOMBRE DE ENTIDAD CORPORATIVA
Nombre de entidad corporativa o nombre de jurisdicción como elemento de entrada Instituto Nacional de Bellas Artes y Literatura (México)
9 (RLIN) 179687
900 ## - ELEMENTOS DE DATOS A LOCAL, LDA (RLIN)
Nombre de persona CECY
Numeración 30
Títulos y otros términos asociados al nombre 20160217
Lenguaje de la obra MOR01
-- 1201
900 ## - ELEMENTOS DE DATOS A LOCAL, LDA (RLIN)
Nombre de persona CECY
Numeración 30
Títulos y otros términos asociados al nombre 20160301
Lenguaje de la obra MOR01
-- 1602
900 ## - ELEMENTOS DE DATOS A LOCAL, LDA (RLIN)
Nombre de persona CECY
Numeración 30
Títulos y otros términos asociados al nombre 20160302
Lenguaje de la obra MOR01
-- 0933
900 ## - ELEMENTOS DE DATOS A LOCAL, LDA (RLIN)
Nombre de persona KLASY
Numeración 30
Títulos y otros términos asociados al nombre 20160317
Lenguaje de la obra MOR01
-- 1533
900 ## - ELEMENTOS DE DATOS A LOCAL, LDA (RLIN)
Nombre de persona KLASY
Numeración 30
Títulos y otros términos asociados al nombre 20160317
Lenguaje de la obra MOR01
-- 1535
900 ## - ELEMENTOS DE DATOS A LOCAL, LDA (RLIN)
Nombre de persona LUIS
Numeración 02
Títulos y otros términos asociados al nombre 20151103
Lenguaje de la obra MOR01
-- 1544
900 ## - ELEMENTOS DE DATOS A LOCAL, LDA (RLIN)
Nombre de persona LUIS
Numeración 02
Títulos y otros términos asociados al nombre 20151103
Lenguaje de la obra MOR01
-- 1544
900 ## - ELEMENTOS DE DATOS A LOCAL, LDA (RLIN)
Nombre de persona MARC21
Numeración 40
Títulos y otros términos asociados al nombre 20161004
Lenguaje de la obra MOR01
-- 1021
900 ## - ELEMENTOS DE DATOS A LOCAL, LDA (RLIN)
Nombre de persona TOMAS
Numeración 30
Títulos y otros términos asociados al nombre 20160315
Lenguaje de la obra MOR01
-- 1043
900 ## - ELEMENTOS DE DATOS A LOCAL, LDA (RLIN)
Nombre de persona TOMAS
Numeración 30
Títulos y otros términos asociados al nombre 20160317
Lenguaje de la obra MOR01
-- 0957
900 ## - ELEMENTOS DE DATOS A LOCAL, LDA (RLIN)
Nombre de persona VOBO
Numeración 40
Títulos y otros términos asociados al nombre 20160418
Lenguaje de la obra MOR01
-- 1140
904 ## - ELEMENTOS DE DATOS D LOCAL, LDD (RLIN)
a UPDATE
942 ## - ELEMENTOS DE ENTRADA SECUNDARIOS (KOHA)
Código de la institución [OBSOLETO] BK
901 ## - ELEMENTOS DE DATOS A LOCAL LDA (RLIN)
a batch batch
Existencias
Estatus retirado Estado de pérdida Fuente del sistema de clasificación o colocación Estado de daño No para préstamo Colección Biblioteca de origen Biblioteca actual Ubicación en estantería Fecha de adquisición Fuente de adquisición Número de inventario Total de préstamos Signatura topográfica completa Código de barras Visto por última vez Precio de reemplazo Tipo de ítem Koha
    Clasificación Decimal Dewey     Libros (General) Biblioteca Instituto Mora Biblioteca Instituto Mora Regular 17/02/2016   128340   (G)/701.1 ABR.e GOM 33068001342441 03/09/2024 03/09/2024 Libro préstamo regular